00873nam a2200193 i 450000100060000000300090000600500170001500700030003200800410003510000420007624501780011826000420029630000200033850500880035853000350044665000400048185200670052185600910058873974ES-MaACL20251009063052.0t|040914s1915 ag ||||1| spa d1 aGonzález, Joaquín V., d1863-192313aLa expropiación en el derecho público argentino : bdiscurso en el Senado Nacional, el 30 de julio de 1907 / crevisado, ampliado ... por el Dr. Joaquín V. González. aBuenos Aires : bLa Facultad, c1915. a2 v. ; c19 cm.8 aContiene: v. 1. Doctrina (206 p.) -- v. 2I. Legislación y jurisprudencia (224 p.) aDisponible en formato digital. 4aExpropiación forzosa-zArgentina. aES-MaACLjD-1924-25cSVIzRevisado enlace: 23 de julio de 20254 uhttp://bdh-rd.bne.es/viewer.vm?id=0000008560&page=1 y(Biblioteca Digital Hispánica)